000 00728nam a2200217 a 4500
001 000024907
005 20200930023437.0
008 110207s1997 ck r 000 0 spa d
020 _a9580426821
040 _aDO-SdBNP
_bspa
_cBNPHU
082 _axxxxx
_bS584e
100 1 _aSills, Judith
_951140
245 1 0 _aExceso de equipaje :
_bDespeje su camino /
_cJudith Sills , traducción Adriana de Hassan.
250 _a5a ed.
260 _aBogotá :
_bNorma,
_c1997.
300 _a308 p. ;
_c21.5 cm.
500 _aIncluye referencias bibliográficas p. [305-308].
534 _tExcess baggage. Getting out of your own way,
_cNew York : Viking Penguin Books, 1993
700 1 _aHassan, Adriana de,
_etr.
_951141
049 _aBNGR
999 _c24400
_d24400